| 000 | 00542nam a2200169Ia 4500 | ||
|---|---|---|---|
| 003 | GCL | ||
| 008 | 140319s9999 xx 000 0 ara d | ||
| 040 |
_aGCL / _cGCL |
||
| 082 | 0 | 4 |
_a812.008 _bم ل |
| 100 | 1 | _aميخائيل رومان | |
| 245 | 1 | 0 |
_aالليلة نضحك / _cميخائيل رومان |
| 300 | _a181 ص | ||
| 490 |
_aسلسلة مطبوعات فرقة الفن للعروض التجريبية _v0 |
||
| 650 | 0 | 4 | _aالادب العربى |
| 650 | 0 | 4 | _aالمسرحيات العربية - مجموعات |
| 942 |
_2ddc _cBK |
||
| 999 |
_c44427 _d44427 |
||